000 01113nam2a2200265 4500
001 RU\NLR\ONL2\2712
005 20250613124706.0
010 _a5-295-03272-8 (баш.)
_99300
035 _a(NLR Aleph) 009650313
090 _a9572522
_c9572522
100 _a20040921d2003 |||y0rusy50 ca
101 0 _abak
102 _aRU
105 _aa |||||||||
200 1 _a(Беренсе ярты йыллыk)
210 _d2003
_aБ. м.
215 _a111,[1] б.
_cил.
461 0 _1001RU\NLR\ONL2\2711
_12001#$aМатематика$eДурт йыллыk башл. мэкт. 4 с-фы осон д-лек$e2 кис.$fМ.И.Моро, М.А.Бантова, Г.В.Бельтюкова h. б.$v1 кис.
_910268334
_cОфо
_d2003
_fМ.И.Моро, М.А.Бантова, Г.В.Бельтюкова h. б.
_nКитап
_oДурт йыллыk башл. мэкт. 4 с-фы осон д-лек : 2 кис.
_tМатематика
_v1 кис.
801 0 _aRU
_bNLR
_c20040921
_gPSBO
852 _aNLR
_bОНЛ
_jБашк./5-125
942 _cBOOK
980 _aNB
980 _aONL_RF